000 00641ntaaa2200193 4500
003 01
005 20251027202402.0
008 0714s1973 ag 01
040 _aAR-BaBN
_bspa
_cAR-BaBN
_eaacr
_dRIC
082 _a282.0638 Ig4r
100 _aIglesia Católica Conferencia Episcopal Latinoamericana
245 _aReflexiones sobre Puebla /
_cIglesia Católica Conferencia Episcopal Latinoamericana
250 _a1 ed.
260 _aBuenos Aires :
_bUniversidad del Salvador,
_c1979
300 _a74 p
500 _aEquipo de Reflexión Teológica Pastoral del CELAM
650 _aConferencia Episcopal Latinoamericana
_914599
942 _cBK
999 _c18736
_d18736